• 首页
  • 本馆介绍
  • 公告通知
  • 最新文献
  • 馆藏检索
  • 电子资源
  • 读者导购
  • 参考咨询
  • 我的图书馆
  • 登录
  • 详细信息显示
  • 放入我的书架
  • 预约/预借图书
  • 作者相关作品
  • 分类相关作品
  • 丛书相关作品
  • 出版社相关作品

书目信息

  • 表格格式
  • 工作单格式
  • 卡片格式
题名:
路易·波拿巴的雾月十八日
    
 
作者: 马克思 著 ;中共马恩列斯著作编译局 译
分册:  
出版信息: 北京   人民出版社  2001.09
页数: 150页
开本: 32开
丛书名:
单 册:
中图分类: A122
科图分类:
主题词: 马恩著作--单行本
电子资源:
ISBN: 7-01-003218-1
000 00699nam0 2200217 45
001 0210140811
005 20031219104058.3
010    @a7-01-003218-1@dCNY9.50
100    @a20021014d2001 km y0chiy0120 ea
101 0  @achi@cger
105    @a z 000yy
200 1  @a路易·波拿巴的雾月十八日@ALu Yi·Bo Na Ba De Wu Yue Shi Ba Ri@f(德)马克思著@F(De)Ma Ke Si Zhu@g中共马恩列斯著作编译局译
205    @a3版
210    @a北京@c人民出版社@d2001.09
215    @a150页@d32开
606 0  @a马恩著作@x单行本
690    @aA122@v4
701    @a马克思@4著
712 02 @a中共马恩列斯著作编译局@AZhong Gong Ma En Lie Si Zhu Zuo Bian Yi Ju@4译
801    @aCN@bTSTC@c20021014
905    @b315581-585@dA122@e28=3@f5
    
    路易·波拿巴的雾月十八日/(德)马克思著/中共马恩列斯著作编译局译.-3版.-北京:人民出版社,2001.09
    150页;32开
    
    
    ISBN 7-01-003218-1:CNY9.50
    
●
相关链接 在E读中查询图书 在五车中查询图书 在当当中查询图书 在豆瓣中查询图书


正题名:路易·波拿巴的雾月十八日     索取号:A122/28=3         预约/预借

序号 登录号 条形码 馆藏地/架位号 状态 备注
1 0315581   203155815   第一借阅区/ [索取号:A122/28=3] 在馆    
2 0315582   203155824   第一借阅区/ [索取号:A122/28=3] 在馆    
3 0315583   203155833   第一借阅区/ [索取号:A122/28=3] 在馆    
4 0315584   203155842   第一借阅区/ [索取号:A122/28=3] 在馆    
5 0315585   203155851   第一样本阅览室/ [索取号:A122/28=3] 在馆    
唐山师范学院图书馆 欢迎您!
大连网信软件有限公司© 版权所有